000 00578nam a2200205 i 4500
001 80338
003 ES-MaACL
005 20240421063020.0
007 t|
008 041027s1979 sp ||||1| spa d
100 1 _aHierro, Nicolás del,
_d1934-2017
_963623
245 1 0 _aEste caer de rotos pájaros /
_cNicolás del Hierro.
250 _a[1ª ed.].
260 _aMadrid :
_bNiágara,
_c[1979]
300 _a50 p. ;
_c21 cm.
490 1 _aPoesía ;
_v1
830 0 _aPoesía ;
_v1
_9177794
852 _aES-MaACL
_jA-10626
_bR.99783
999 _c80338
_d80338